Transferencia e implementación de la estrategia de conservación en paisajes rurales en Cuenca Cane Iguaque (Boyacá) y en Carmen de Carupa (Cundinamarca) (Registro nro. 5488)
[ vista simple ]
| 000 -CABECERA | |
|---|---|
| Campo de control | 00850nam a2200229 a 4500 |
| 005 - FECHA Y HORA DE LA ULTIMA TRANSACCION | |
| Campo de control | 20141209143152.0 |
| 008 - ELEMENTOS DE LONGITUD FIJA—INFORMACION GENERAL | |
| Campo de control | 140127b2006 ck ||||| |||| 00| 0 spa d |
| 040 ## - FUENTE DE CATALOGACIÓN | |
| Agencia catalogadora original | CO-BoIH |
| Agencia transcriptora | CO-BoIH |
| 041 ## - IDIOMA | |
| Código de idioma para texto/pista de sonido o título separado | Español |
| 044 ## - PAÍS DE PUBLICACIÓN | |
| País de publicación | Colombia |
| 090 ## - CLASIFICACIÓN LOCAL | |
| Colección | IAVH |
| Consecutivo | 00583 |
| 110 2# - ASIENTO PRINCIPAL--NOMBRE CORPORATIVO | |
| Unidad subordinad | Fundación Pangea |
| 245 10 - MENCION DE TITULO | |
| Título | Transferencia e implementación de la estrategia de conservación en paisajes rurales en Cuenca Cane Iguaque (Boyacá) y en Carmen de Carupa (Cundinamarca) |
| 260 ## - PUBLICACION, DISTRIBUCION, ETC. (PIE DE IMPRENTA) | |
| Lugar de publicación, distribución, etc. | Bogotá : |
| Nombre del editor, distribuidor, etc. | Fundación Pangea, |
| -- | Instituto Alexander von Humboldt, |
| Fecha de publicación, distribución, etc. | 2006. |
| 300 ## - DESCRIPCION FISICA | |
| Extensión | 37 p. |
| Dimensiones | 28 cm. |
| 650 04 - ASIENTO SECUNDARIO DE MATERIA - TERMINO TEMATICO | |
| Término temático o nombre geográfico como elemento de entrada | Estrategias de conservación |
| Subdivisión general | transferencia |
| 650 04 - ASIENTO SECUNDARIO DE MATERIA - TERMINO TEMATICO | |
| Término temático o nombre geográfico como elemento de entrada | Conservación en paisajes rurales |
| 651 ## - ASIENTO SECUNDARIO DE MATERIA - NOMBRE GEOGRAFICO | |
| Nombre geográfico | Boyacá |
| Subdivisión geográfica | Cuenca Cane Iguaque |
| 651 ## - ASIENTO SECUNDARIO DE MATERIA - NOMBRE GEOGRAFICO | |
| Nombre geográfico | Cundinamarca |
| Subdivisión geográfica | Carmen de Carupa |
| 942 ## - ELEMENTOS ADICIONALES (KOHA) | |
| Sistema de clasificación | Local |
| Tipo de ítem | Informe Técnico |
| 945 ## - PROCESAMIENTO LOCAL | |
| AAAA-MM-DD - Fecha de ingreso o modificacion | 2007-05-04 |
| Withdrawn status | Lost status | Sistema de Clasificación | Damaged status | No para préstamo | Colección | Inventariado | Ubicación Permanente | Ubicación actual | Fecha de adquisición | Fuente de Valor | Total Checkouts | Número topográfico | Inventario / Código de Barras | Date last seen | Ejemplar | Price effective from | Forma de adquisición | Tipo de material |
|---|---|---|---|---|---|---|---|---|---|---|---|---|---|---|---|---|---|---|
| Local | Humboldt | Inventariado 2017 | Bogotá | Bogotá | 04/05/2007 | Mendieta, Matilde | IAVH-00583 | 018842 | 09/08/2024 | Ej. 1 | 04/12/2012 | Informe Técnico | ||||||
| Local | Audiovisual | Bogotá | Bogotá | 04/05/2007 | Mendieta, Matilde | IAVH-00583 | 018843 | 04/12/2012 | Ej. 2 | 04/12/2012 | Institucional | CD-ROM |